Un incunable chileno. Modo de ganar el Jubileo Santo. Año de 1776. Noticia bibliográfica
Guardat en:
| Autor principal: | |
|---|---|
| Format: | Llibre |
| Idioma: | espanyol |
| Publicat: |
Santiago
Imprenta Universitaria
1910
|
| Edició: | 1a. ed |
| Matèries: | |
| Etiquetes: |
Afegir etiqueta
Sense etiquetes, Sigues el primer a etiquetar aquest registre!
|
MARC
| LEADER | 00000nam a2200000 a 4500 | ||
|---|---|---|---|
| 001 | UCJ7214 | ||
| 003 | CL-VaPUC | ||
| 008 | 070124e19100000CL |||||||||||||||||spa|d | ||
| 082 | 0 | 4 | |a 090 |b LAV |2 21 |
| 100 | |a Laval, Ramón A |e author |q Laval Alvial, Ramón |9 505149 | ||
| 245 | 1 | 3 | |a Un incunable chileno. Modo de ganar el Jubileo Santo. Año de 1776. Noticia bibliográfica |
| 246 | 1 | 0 | |a Modo de ganar el Jubileo Santo. Año de 1776 |
| 250 | |a 1a. ed | ||
| 300 | |a 16 p | ||
| 942 | |c BK | ||
| 945 | |d 20070124 00:00:00 |a rinostro | ||
| 260 | |a Santiago |b Imprenta Universitaria |c 1910 | ||
| 500 | |a Reproducción facsimilar del libro tratado | ||
| 650 | 7 | |a LIBRO RARO CHILENO |2 CL-VaPUC |9 504266 | |
| 650 | 7 | |a BIBLIOGRAFIA CRITICA |2 CL-VaPUC |9 505352 | |
| 650 | 7 | |a INCUNABLE CHILENO |2 CL-VaPUC |9 515357 | |
| 583 | |a last modification |c 20070124 00:00:00 |k Rodrigo Vera | ||
| 999 | |c 323310 |d 323308 | ||
| 952 | |0 0 |1 0 |4 0 |6 090_000000000000000_LAV_1910 |7 0 |8 X |9 402809 |a FDOBUD |b FDOBUD |d 2019-11-22 |i 1060082 |o 090 LAV 1910 |p 1060082 |r 2019-11-22 |w 2019-11-22 |y BK_X |k BUD | ||